| 000 | 00888nam0a22002531 4500 | ||
|---|---|---|---|
| 001 | rc\2684421 | ||
| 005 | 20250623160234.0 | ||
| 035 | _a(NLR Aleph) 006812750 | ||
| 090 |
_a6360969 _c6360969 |
||
| 100 | _a20110915d1933 |||y0rusy50 ca | ||
| 101 | 0 | _arus | |
| 102 | _aRU | ||
| 105 | _aa z ||||| | ||
| 200 | 1 |
_aСкорость движения автомобиля и аварийность _fС. Жекулин _gЦентр. совет Союза об-в Автодор СССР |
|
| 210 |
_aМосква _cГострансиздат _d1933 _gтип. "Пролет. слово" |
||
| 215 |
_aОбл., 26, [2] с. _cил. _d18х13 см. |
||
| 320 | _aБиблиогр.: "Список лит-ры" (7 назв.) | ||
| 700 | 1 |
_aЖекулин _bС.А. |
|
| 801 | 0 |
_aRU _bNLR _gpsbo |
|
| 801 | 1 |
_aRU _bELAR _2rusmarc |
|
| 852 |
_aNLR _j33-9/4215 |
||
| 942 | _cBOOK | ||
| 980 | _aNB | ||